00810nam a2200205 a 450000500170000000800410001702000150005804000270007304100080010008200170010824501080012526000680023330000460030170000210034770000190036894200150038794500150040299900150041795201720043220160223105805.0160223b2005 xxua gra 00| 0 spa d a9801108746 aCO-BoIAVH cCO-BoIAVH  aspa04a363.61bD58d1 aDinámica hídrica en sistemas neotropicalesbinvestigaciones en dinámica hídrica de la red ricas aMeridabICAEbUniversidad de Los Andes, Merida. Venezuelac2005 a48 paginas.bilustraciones. ;c26 x 19 cm aAtaroff, Michele aSilva, Juan F. cLIBRO2ddc d2007-05-17 c5525d5525 00102ddc40708GENERALIINV2017aBogotabBogotad2007-05-17eInstitutog25000.00l0oLB-363.61 D58dp024325r2012-12-04 00:00:00tEj.1w2012-12-04xDonaciónyLIBRO